The riddle of Jutland; (Record no. 552980)
[ view plain ]
| 000 -LEADER | |
|---|---|
| fixed length control field | 00748cam a22001691 4500 |
| 082 00 - DEWEY DECIMAL CLASSIFICATION NUMBER | |
| Classification number | 940.4009489 |
| Author Mark | GIB |
| 100 1# - MAIN ENTRY--PERSONAL NAME | |
| Personal name | Gibson, Langhorne, |
| 9 (RLIN) | 50253 |
| 245 14 - TITLE STATEMENT | |
| Title | The riddle of Jutland; |
| Remainder of title | an authentic history, |
| Statement of responsibility, etc. | by Langhorne Gibson and Vice-Admiral J.E.T. Harper, R.N.; with an introduction by Sir Archibald Hurd; illustrated with photographs and fourteen diagrams by Ernest Clegg. |
| 260 ## - PUBLICATION, DISTRIBUTION, ETC. | |
| Place of publication, distribution, etc. | New York, |
| Name of publisher, distributor, etc. | Coward-McCann, inc., |
| Date of publication, distribution, etc. | 1934. |
| 300 ## - PHYSICAL DESCRIPTION | |
| Extent | xvii, 416 p. |
| Other physical details | front., plates, ports., maps, diagrs. |
| Dimensions | 24 cm. |
| 526 ## - STUDY PROGRAM INFORMATION NOTE | |
| Program name | 0 |
| Interest level | 0 |
| Reading level | 0 |
| Title point value | 940_400948900000000_GIB |
| 650 #0 - SUBJECT ADDED ENTRY--TOPICAL TERM | |
| Topical term or geographic name entry element | Jutland, Battle of, 1916. |
| 9 (RLIN) | 49663 |
| 650 #0 - SUBJECT ADDED ENTRY--TOPICAL TERM | |
| Topical term or geographic name entry element | MCE |
| 9 (RLIN) | 379 |
| 650 #0 - SUBJECT ADDED ENTRY--TOPICAL TERM | |
| Topical term or geographic name entry element | World War, 1914-1918 |
| General subdivision | Naval operations. |
| 9 (RLIN) | 49291 |
| 700 1# - ADDED ENTRY--PERSONAL NAME | |
| Personal name | Harper, John E. T. |
| 9 (RLIN) | 50254 |
| 942 ## - ADDED ENTRY ELEMENTS (KOHA) | |
| Source of classification or shelving scheme | |
| Koha item type | Book |
| Withdrawn status | Lost status | Source of classification or shelving scheme | Damaged status | Not for loan | Permanent Location | Current Location | Shelving location | Date acquired | Total Checkouts | Full call number | Barcode | Date last seen | Price effective from | Koha item type |
|---|---|---|---|---|---|---|---|---|---|---|---|---|---|---|
| Military College of Engineering (MCE) | Military College of Engineering (MCE) | 01/28/2015 | 940.4009489 GIB | MCE-ECR/47 | 01/28/2015 | 01/28/2015 | Book |
